000 01292nam a22002657a 4500
005 20180601104934.0
008 121226t xxu||||| |||| 00| 0 hin d
010 _aHIN-98964 राष्ट्रपति-2 B-694121
020 _c225.00
_a9788170169239
035 _aHN-71310
035 _aB-694121
037 _bDBAD / PUB
037 _bकिताबघर
040 _aDPL
_bHN
082 _a333.91068
100 _927482
_aखन्ना,विजय
245 _aजल,संरक्षण,प्रबंधन एवं जल जागरूकता /
_cविजय खन्ना
260 _bकिताब घर
_c2013
_c2018 राष्ट्रपति-2
_aनई दिल्ली
270 _a24/4855, अंसारी रोड़, दरियागंज
_bनई दिल्ली
_e110002
300 1 _a128पृ.
_c22सेमी (सजिल्द)
500 _aराष्ट्रपति-2
650 _954617
_aहिन्दी कविता
942 _adpl
_cHN
_2ddc
_mखन्नावि
_h333.91068
999 _c75004
_d75004